000 00372nam a2200133 i 4500
001 bg
100 1 _aZALESKI, Janusz
245 0 _aStochastyczne modelowanie procesu poboru wody w instalacjach wewnętrzych i jego zastosowania /
_cJ.Zalewski.
260 _aWrocław,
_c1987.
040 _cBPK
041 _apol
942 _cKS
008 s pl f |000 0 pol
999 _c28545
_d28545
856 _uhttp://koha.tu.koszalin.pl/cgi-bin/koha/opac-detail.pl?biblionumber=28545
_yKatalog online BPK